000 00882cam a2200241 a 4500
001 000025725
005 20200930024012.0
008 760831s1969 ag 000 | spa d
041 _aspa
_heng
_2Código de idioma MARC
082 _axxx
_bR447L
100 1 _aCook, Fred. J. ,
_952497
240 0 _aWalter Reuther: building the house of labor.
_lEspañol
245 1 3 _aLa lucha de un sindicalista :
_bWalter Reuther /
_cFred. J. Cook ; traducción Cristina Soubervielle.
260 _aBuenos Aires :
_bAmericana,
_c1969.
300 _a158 p. :
_bil. ;
_c20 cm.
490 1 _aTestimonios de Nuestro Tiempo
534 _aTítulo original :
_tWalter Reuther: building the house of labor.
700 1 _aSoubervielle, Cristina ,
_etr.
_952498
700 1 _aPimentel , Rubén C. ,
_etr.
_952489
830 0 _aTestimonios de Nuestro Tiempo
_952499
049 _aBNGR
999 _c25217
_d25217
040 _aDO-SdBNP